Times do Centro-Oeste com mais participações no Brasileirão - Statistics

Estatísticas Gerais
  • Esse quiz foi jogado 50 vezes
  • A pontuação média é 14 de 20
Estatísticas das Respostas
Participações Última participação Divisão atual Cidade Melhor colocação Resposta % Correto
4 2024 Série B Cuiabá 12° colocado (2023) Cuiabá
100%
43 2023 Série B Goiânia 3° colocado (2005) Goiás
98%
1 2005 Série D Taguatinga 22° colocado (2005) Brasiliense
95%
14 2024 Série B Goiânia 7° colocado (1968) Atlético Goianiense
93%
6 2002 Série D Gama 15° colocado (1999) Gama
93%
9 1985 Série B Goiânia 12° colocado (1963) Vila Nova
93%
1 1966 Série C Anápolis 14° colocado (1966) Anápolis
83%
4 1979 Sem divisão nacional Goiânia 28° colocado (1975) Goiânia
76%
7 1985 Sem divisão nacional Brasília 32° colocado (1985) Brasília
74%
4 1984 Sem divisão nacional Anápolis 10° colocado (1982) Anapolina
71%
1 1979 Sem divisão nacional Itumbiara 68° colocado (1979) Itumbiara
71%
10 1986 Série D Campo Grande 3° colocado (1977) Operário-MS
69%
4 1986 Série D Várzea Grande 12° colocado (1968) Operário VG
69%
8 1985 Série D Cuiabá 14° colocado (1985) Mixto
67%
1 1979 Extinto Guará 94° colocado (1979) Guará
64%
1 1982 Sem divisão nacional Taguatinga 42° colocado (1982) Taguatinga
57%
6 1986 Sem divisão nacional Campo Grande 23° colocado (1983) Comercial-MS
38%
3 1979 Sem divisão nacional Cuiabá 31° colocado (1978) Dom Bosco
31%
3 1975 Extinto Brasília 31° colocado (1975) CEUB
21%
3 1968 Extinto Brasília 14° colocado (1968) Rabello
7%
Nenhum quiz correspondente encontrado
Distribuição das Pontuações
Porcentagem de Pessoas com Cada Pontuação
Percentil de Números Respondidos
Sua Pontuação Histórica
Você não jogou esse quiz